| 000 | 003520000a22001450004500 | ||
|---|---|---|---|
| 003 | MACL | ||
| 040 | _aMACL | ||
| 090 |
_c34199 _d34197 |
||
| 100 | _aEdgar, Faure | ||
| 245 |
_aLearning To Be _bThe World Of Education Today And Tomorrow |
||
| 260 |
_bSterling Publishers (P) Ltd _c1973 |
||
| 350 | _a20 | ||
| 650 | _aEducation | ||
| 942 |
_cBOOK _k371.9/FAU |
||
| 999 |
_c33837 _d33837 |
||